[Event "Stuttgart-chB int"]
[Site "Ditzingen"]
[Date "2018.05.13"]
[Round "7"]
[White "Strauss, Martin"]
[Black "Rashba, David"]
[Result "0-1"]
[WhiteElo "1810"]
[BlackElo "1699"]
[PlyCount "76"]
[EventDate "2018.05.10"]
[EventType "swiss"]
[EventRounds "7"]
[EventCountry "GER"]
[SourceTitle "EXT 2020"]
[Source "ChessBase"]
[SourceDate "2019.10.17"]
[SourceVersion "1"]
[SourceVersionDate "2019.10.17"]
[SourceQuality "1"]

1. e4 c6 2. d4 d5 3. exd5 cxd5 4. c4 Nf6 5. Nc3 Bg4 6. Be2 Bxe2 7. Ngxe2 e6 8. Qb3 dxc4 9. Qxb7 Nbd7 10. Bf4 a6 11. 0-0 Be7 12. Rac1 0-0 13. Na4 Qc8 14. Qf3 Nd5 15. b3 Nxf4 16. Qxf4 c3 17. Rxc3 Qd8 18. Qc1 Nf6 19. Nc5 Nd5 20. Rc4 Nb6 21. Rc2 Nd5 22. Nd3 h6 23. Ne5 Bg5 24. f4 Nxf4 25. Qd1 Nxe2+ 26. Rxe2 Bf6 27. Nf3 Qb6 28. Rd2 Rad8 29. Re1 Rd5 30. Kh1 Rfd8 31. Re4 Qd6 32. g3 Qd7 33. Qf1 Qd6 34. Rf2 Rd7 35. Rf4 Bxd4 36. Nxd4 Rxd4 37. Rxd4 Qxd4 38. Qxa6 Qxf2 0-1

[Event "Stuttgart-chB int"]
[Site "Ditzingen"]
[Date "2018.05.11"]
[Round "3"]
[White "Oliva, Jan"]
[Black "Rashba, David"]
[Result "1/2-1/2"]
[WhiteElo "1841"]
[BlackElo "1699"]
[PlyCount "86"]
[EventDate "2018.05.10"]
[EventType "swiss"]
[EventRounds "7"]
[EventCountry "GER"]
[SourceTitle "EXT 2020"]
[Source "ChessBase"]
[SourceDate "2019.10.17"]
[SourceVersion "1"]
[SourceVersionDate "2019.10.17"]
[SourceQuality "1"]

1. c4 c6 2. Nf3 d5 3. b3 Bf5 4. Bb2 e6 5. e3 Nf6 6. Nc3 Be7 7. d4 Nbd7 8. Bd3 Bxd3 9. Qxd3 h6 10. 0-0 0-0 11. Rfe1 Qb6 12. Rad1 dxc4 13. Qxc4 Rfe8 14. Na4 Qa5 15. Bc3 Qd8 16. Nc5 Qc7 17. b4 Nd5 18. Bb2 N7b6 19. Qb3 Nd7 20. a4 Nxc5 21. dxc5 Bf6 22. Nd2 Bxb2 23. Qxb2 Nf6 24. Nc4 Red8 25. Nd6 Ne8 26. Nxe8 Rxe8 27. Rd3 Rad8 28. Red1 Rd5 29. e4 Rxd3 30. Rxd3 Rd8 31. Qd2 Rxd3 32. Qxd3 e5 33. g3 Kf8 34. b5 Ke7 35. Qc3 Ke6 36. Kf1 Qd7 37. Ke2 cxb5 38. Qb3+ Ke7 39. axb5 Qd4 40. Qd5 Qb2+ 41. Ke1 Qb1+ 42. Kd2 Qb2+ 43. Ke1 Qb1+ 1/2-1/2

[Event "GER-ch U12"]
[Site "Willingen"]
[Date "2017.06.06"]
[Round "5"]
[White "Mueller, Magnus"]
[Black "Rashba, David"]
[Result "1-0"]
[WhiteElo "1634"]
[BlackElo "1508"]
[PlyCount "119"]
[EventDate "2017.06.04"]
[EventType "swiss"]
[EventRounds "11"]
[EventCountry "GER"]
[SourceTitle "CBM 178 Extra"]
[Source "ChessBase"]
[SourceDate "2017.06.22"]
[SourceVersion "1"]
[SourceVersionDate "2017.06.22"]
[SourceQuality "1"]

1. e4 c6 2. d4 d5 3. Nc3 dxe4 4. Nxe4 Bf5 5. Ng3 Bg6 6. h4 h6 7. Nh3 e6 8. Nf4 Bh7 9. Bc4 Be7 10. Ngh5 Bf6 11. c3 Qe7 12. 0-0 g5 13. Nh3 gxh4 14. Re1 Nd7 15. a4 Nb6 16. Bb3 Nd5 17. Bxd5 cxd5 18. N3f4 0-0-0 19. b4 Qc7 20. Bb2 Bg5 21. Nd3 Bxd3 22. Qxd3 Qc4 23. Qxc4+ dxc4 24. Re5 Rd5 25. Rae1 Kd7 26. Rxd5+ exd5 27. Re5 Kd6 28. b5 Bf6 29. Ba3+ Kc7 30. Rf5 Bg5 31. Rxf7+ Kc8 32. Bd6 Bd2 33. Be5 Nf6 34. Nxf6 Bxc3 35. Nxd5 Ba5 36. Bxh8 c3 37. Nxc3 Bxc3 38. d5 Bxh8 39. Rf8+ Kd7 40. Rxh8 Kd6 41. Rxh6+ Kxd5 42. Rh7 b6 43. Rxa7 Kc5 44. Ra6 Kb4 45. Rxb6 Kxa4 46. Rh6 Kxb5 47. Rxh4 Kc5 48. Re4 Kd5 49. Re8 Kd6 50. g4 Kd7 51. Re1 Kd6 52. g5 Kd7 53. g6 Kd6 54. g7 Kd7 55. g8Q Kd6 56. Qd8+ Kc6 57. Rc1+ Kb7 58. Qc7+ Ka6 59. Qb8 Ka5 60. Ra1# 1-0

[Event "GER-ch U12"]
[Site "Willingen"]
[Date "2017.06.05"]
[Round "4"]
[White "Rashba, David"]
[Black "Haufe, Laurin"]
[Result "1/2-1/2"]
[WhiteElo "1508"]
[BlackElo "1647"]
[PlyCount "84"]
[EventDate "2017.06.04"]
[EventType "swiss"]
[EventRounds "11"]
[EventCountry "GER"]
[SourceTitle "CBM 178 Extra"]
[Source "ChessBase"]
[SourceDate "2017.06.22"]
[SourceVersion "1"]
[SourceVersionDate "2017.06.22"]
[SourceQuality "1"]

1. d4 Nf6 2. Bf4 c5 3. c3 e6 4. e3 Nc6 5. Nf3 d5 6. Nbd2 Bd6 7. Bxd6 Qxd6 8. Be2 0-0 9. 0-0 b6 10. h3 Bb7 11. Rc1 Rac8 12. Qa4 Rfd8 13. Rfe1 a6 14. Bf1 cxd4 15. exd4 b5 16. Qb3 Na5 17. Qd1 Nc4 18. Nxc4 dxc4 19. a3 Nd7 20. Ne5 Nxe5 21. Rxe5 Rd7 22. Qe1 Qc6 23. Rc2 Rd5 24. Rce2 Rcd8 25. Rxd5 Rxd5 26. Re5 Kf8 27. Qe4 g6 28. Rxd5 Qxd5 29. Qxd5 Bxd5 30. f3 Ke7 31. Be2 Kf6 32. Bd1 Kf5 33. Bc2+ Kg5 34. Kf2 Kh4 35. Bb1 h5 36. Bc2 Kg5 37. Bb1 Kf6 38. Bc2 e5 39. Ke3 Ke6 40. dxe5 Kxe5 41. Bb1 Be6 42. Be4 Bd5 1/2-1/2

[Event "GER-ch U10"]
[Site "Willingen"]
[Date "2015.05.28"]
[Round "8"]
[White "Henzgen, Nick"]
[Black "Rashba, David"]
[Result "1-0"]
[WhiteElo "1269"]
[BlackElo "1130"]
[PlyCount "123"]
[EventDate "2015.05.24"]
[EventType "swiss"]
[EventRounds "11"]
[EventCountry "GER"]
[SourceTitle "CBM 166 Extra"]
[Source "ChessBase"]
[SourceDate "2015.06.18"]
[SourceVersion "1"]
[SourceVersionDate "2015.06.18"]
[SourceQuality "1"]

1. d4 d5 2. e3 c6 3. Bd3 Nf6 4. f4 e6 5. Nd2 Nbd7 6. Ngf3 Be7 7. 0-0 0-0 8. Ne5 Re8 9. Rf3 Nf8 10. c3 Ng6 11. e4 Qb6 12. Kh1 Qc7 13. Nxg6 fxg6 14. e5 Ng4 15. h3 Nh6 16. Nf1 Rf8 17. Qc2 Bd8 18. Be3 Qf7 19. Nh2 Be7 20. Raf1 b6 21. R1f2 c5 22. Qd2 c4 23. Bb1 a5 24. Qc2 Bd7 25. Rf1 Rfb8 26. Bd2 b5 27. a3 b4 28. cxb4 axb4 29. axb4 Bxb4 30. Bxb4 Rxb4 31. Ra3 Rba4 32. Rxa4 Rxa4 33. b3 cxb3 34. Qxb3 Rxd4 35. Qe3 Ra4 36. Bc2 Ra8 37. Qb6 Rf8 38. Rf3 Rc8 39. Bb3 Rc1+ 40. Nf1 Nf5 41. Kh2 Rb1 42. Nd2 Rb2 43. Qb4 Ba4 44. Qc3 Rxb3 45. Nxb3 Bxb3 46. Qxb3 Nd4 47. Qb8+ Qf8 48. Qxf8+ Kxf8 49. Rd3 Nf5 50. g4 Ne7 51. Kg3 h5 52. Kf3 hxg4+ 53. hxg4 Kf7 54. Rb3 Kf8 55. Rb6 Kf7 56. Ke3 Nc8 57. Rb7+ Ne7 58. Kd4 Kf8 59. Kc5 Ng8 60. Kd6 d4 61. Kxe6 d3 62. Rb8# 1-0

[Event "GER-ch U10"]
[Site "Willingen"]
[Date "2015.05.24"]
[Round "2"]
[White "Bress, Amy Charlize"]
[Black "Rashba, David"]
[Result "0-1"]
[WhiteElo "941"]
[BlackElo "1130"]
[PlyCount "148"]
[EventDate "2015.05.24"]
[EventType "swiss"]
[EventRounds "11"]
[EventCountry "GER"]
[SourceTitle "CBM 166 Extra"]
[Source "ChessBase"]
[SourceDate "2015.06.18"]
[SourceVersion "1"]
[SourceVersionDate "2015.06.18"]
[SourceQuality "1"]

1. e4 e5 2. Nf3 Nc6 3. Bc4 Nf6 4. Ng5 d5 5. exd5 Na5 6. Bb5+ c6 7. dxc6 bxc6 8. Qf3 Bb7 9. Ba4 h6 10. Ne4 Nxe4 11. Qxe4 Qd4 12. Qxd4 exd4 13. c3 d3 14. 0-0 Bd6 15. Re1+ Kf8 16. b4 Nc4 17. Na3 Nb6 18. Bb3 Re8 19. Rxe8+ Kxe8 20. Nc4 Nxc4 21. Bxc4 Ke7 22. Bxd3 Kd8 23. Bf5 Re8 24. Bb2 Kc7 25. a3 Re2 26. Rd1 Bf4 27. Bc1 Ba6 28. Bg4 Re7 29. g3 Bd6 30. d3 Bxd3 31. Bf4 Bxf4 32. gxf4 Bb5 33. Bh3 g5 34. f5 f6 35. Kg2 Re2 36. Bg4 Rc2 37. Re1 Bc4 38. Re7+ Kb6 39. a4 Bd5+ 40. Bf3 Bxf3+ 41. Kxf3 Rxc3+ 42. Kg2 a5 43. bxa5+ Kxa5 44. Re6 c5 45. Rxf6 Rc4 46. Rxh6 Rf4 47. Rf6 Kxa4 48. Kg3 c4 49. h4 Rxh4 50. Kf3 c3 51. Ke2 Kb3 52. Rc6 Rf4 53. f6 Kb2 54. Kd3 Rxf2 55. Rxc3 Rf3+ 56. Ke4 Rxc3 57. f7 Rc8 58. Kf5 Rf8 59. Kxg5 Rxf7 60. Kg6 Rf1 61. Kg5 Kc2 62. Kg6 Kd3 63. Kg5 Ke4 64. Kg6 Ke5 65. Kg7 Ke6 66. Kg8 Ke7 67. Kg7 Rg1+ 68. Kh6 Kf6 69. Kh5 Rg8 70. Kh4 Kf5 71. Kh3 Kf4 72. Kh2 Kf3 73. Kh1 Kf2 74. Kh2 Rh8# 0-1